| 000 | 00755cam a2200265 4500 | ||
|---|---|---|---|
| 008 | 090401t1993 xxu||||| |||| 00| 0 eng d | ||
| 020 | _a0750616032 | ||
| 035 | _a(Sirsi) u30310 | ||
| 041 | _aeng | ||
| 050 | _a338.4369 | ||
| 100 | _aWarren, Marcus | ||
| 245 | _aEconomics for the built environment. | ||
| 260 |
_aOxford _bButterworth-Heinemann _c1993 |
||
| 300 | _axv,267p. ; 24cm. | ||
| 350 | _a0 | ||
| 520 | _aA student textbook concerned with the application of economic theory to construction and property issues. | ||
| 650 | _aBUILDING INDUSTRY | ||
| 650 | _aBUILT ENVIRONMENT | ||
| 650 | _aECONOMIC THEORY | ||
| 650 | _aMACROECONOMICS | ||
| 650 | _aPROPERTY | ||
| 690 | _aBUILT ENVIRONMENT | ||
| 942 | _n0 | ||
| 948 | _c04/03/1997 | ||
| 999 |
_c89486 _d89486 |
||